[Event "Bratto op 21st"]
[Site "Bratto"]
[Date "2001.08.22"]
[Round "1"]
[White "Foisor, Ovidiu Doru"]
[Black "Caruso, Daniele"]
[Result "1-0"]
[WhiteElo "2400"]
[BlackElo "2104"]
[PlyCount "73"]
[EventDate "2001.08.22"]
[EventType "swiss"]
[EventRounds "9"]
[EventCountry "ITA"]
[SourceTitle "EXT 2002"]
[Source "ChessBase"]
[SourceDate "2001.11.25"]
[SourceVersion "1"]
[SourceVersionDate "2001.11.25"]
[SourceQuality "1"]

1. c4 e5 2. g3 g6 3. Bg2 Bg7 4. Nc3 Nc6 5. Rb1 a5 6. a3 f5 7. d3 Nf6 8. b4 axb4 9. axb4 0-0 10. Nf3 d6 11. 0-0 h6 12. b5 Ne7 13. Nd2 Kh8 14. Bb2 g5 15. Ra1 Rxa1 16. Qxa1 Ng6 17. Qa7 b6 18. Nd5 Ne8 19. Qb8 Bf6 20. Nxf6 Nxf6 21. Ra1 Bd7 22. Qxd8 Rxd8 23. Ra7 Ne8 24. Nb1 Kg8 25. Nc3 Ne7 26. f4 Kf7 27. Kf2 Kg6 28. fxe5 dxe5 29. Na2 Kf6 30. Nb4 Ke6 31. e4 f4 32. Na6 c5 33. Bh3+ Kd6 34. Bxd7 Rxd7 35. Bxe5+ Ke6 36. Rxd7 Kxd7 37. gxf4 1-0

[Event "Valle d'Aosta op 9th"]
[Site "Saint Vincent"]
[Date "2001.02.03"]
[Round "1"]
[White "Polak, Tomas"]
[Black "Caruso, Daniele"]
[Result "1-0"]
[WhiteElo "2505"]
[BlackElo "2113"]
[PlyCount "61"]
[EventDate "2001.02.03"]
[EventType "swiss"]
[EventRounds "9"]
[EventCountry "ITA"]
[SourceTitle "CBM 080 Extra"]
[Source "ChessBase"]
[SourceDate "2001.03.08"]
[SourceVersion "1"]
[SourceVersionDate "2001.03.08"]
[SourceQuality "1"]

1. d4 Nf6 2. c4 c5 3. d5 e6 4. Nc3 exd5 5. cxd5 d6 6. Nf3 g6 7. h3 Bg7 8. e4 0-0 9. Bd3 Bd7 10. 0-0 b5 11. Re1 Re8 12. a3 c4 13. Bc2 Na6 14. Be3 Qc7 15. Qd2 Nc5 16. Bd4 a5 17. e5 dxe5 18. Bxe5 Qb6 19. Qd4 Ra6 20. Re3 Rc8 21. d6 Ne6 22. Qxb6 Rxb6 23. Bxf6 Bxf6 24. Nd5 Bd8 25. Nxb6 Bxb6 26. Re2 Rc6 27. Rd1 f6 28. Be4 Rc8 29. Bd5 Kf7 30. Bxe6+ Bxe6 31. d7 1-0

[Event "Bratto op 20th"]
[Site "Bratto"]
[Date "2000.??.??"]
[Round "5"]
[White "Caruso, Daniele"]
[Black "Trabert, Bettina"]
[Result "0-1"]
[WhiteElo "2117"]
[BlackElo "2259"]
[PlyCount "74"]
[EventDate "2000.08.25"]
[EventType "swiss"]
[EventRounds "9"]
[EventCountry "ITA"]
[SourceTitle "CBM 077 Extra"]
[Source "ChessBase"]
[SourceDate "2000.09.14"]
[SourceVersion "1"]
[SourceVersionDate "2000.09.14"]
[SourceQuality "1"]

1. e4 e5 2. Nf3 Nc6 3. Nc3 Nf6 4. d4 exd4 5. Nxd4 Bb4 6. Nxc6 bxc6 7. Bd3 d5 8. exd5 cxd5 9. 0-0 0-0 10. Bg5 c6 11. Qf3 Be7 12. Rae1 h6 13. Bc1 Bd6 14. h3 Rb8 15. Ne2 Bc7 16. c3 c5 17. Rd1 Bb7 18. Bf5 d4 19. Qd3 Qd5 20. f3 c4 21. Qb1 d3 22. Nd4 Bb6 23. Be4 Bxd4+ 24. cxd4 Qxd4+ 25. Kh2 Nxe4 26. fxe4 Qxe4 27. Rf2 Bd5 28. Bd2 Qd4 29. Be1 Rfe8 30. Rfd2 Re6 31. Bf2 Qe4 32. Bg3 Rbe8 33. Rf1 Qg6 34. Rff2 Re3 35. Bc7 Re1 36. Rd1 R8e2 37. Rxe1 Rxf2 0-1

[Event "Bratto op 19th"]
[Site "Bratto"]
[Date "1999.??.??"]
[Round "1"]
[White "Bellini, Fabio"]
[Black "Caruso, Daniele"]
[Result "1-0"]
[WhiteElo "2418"]
[BlackElo "2103"]
[PlyCount "49"]
[EventDate "1999.??.??"]
[EventType "swiss"]
[EventRounds "9"]
[EventCountry "ITA"]
[SourceTitle "EXT 2000"]
[Source "ChessBase"]
[SourceDate "1999.11.16"]
[SourceVersion "1"]
[SourceVersionDate "1999.11.16"]
[SourceQuality "1"]

1. e4 e6 2. Nf3 d5 3. Nc3 Nf6 4. e5 Nfd7 5. d4 c5 6. dxc5 Nc6 7. Bb5 Bxc5 8. 0-0 a6 9. Bxc6 bxc6 10. Na4 Be7 11. Re1 Nb6 12. Nxb6 Qxb6 13. b3 h6 14. c4 dxc4 15. Be3 c5 16. Nd2 cxb3 17. Rb1 Qc6 18. Rxb3 Bb7 19. Qg4 g5 20. Reb1 Ra7 21. Nc4 h5 22. Qg3 Qe4 23. Nd6+ Bxd6 24. exd6 h4 25. Qxg5 1-0

[Event "Bratto op 19th"]
[Site "Bratto"]
[Date "1999.??.??"]
[Round "5"]
[White "Bresciani, Nicola"]
[Black "Caruso, Daniele"]
[Result "1-0"]
[WhiteElo "2275"]
[BlackElo "2103"]
[PlyCount "49"]
[EventDate "1999.??.??"]
[EventType "swiss"]
[EventRounds "9"]
[EventCountry "ITA"]
[SourceTitle "EXT 2000"]
[Source "ChessBase"]
[SourceDate "1999.11.16"]
[SourceVersion "1"]
[SourceVersionDate "1999.11.16"]
[SourceQuality "1"]

1. e4 e6 2. d4 d5 3. Nd2 Nf6 4. e5 Nfd7 5. c3 c5 6. Bd3 Nc6 7. Ne2 cxd4 8. cxd4 f6 9. exf6 Nxf6 10. Nf3 Bd6 11. 0-0 Qc7 12. Bg5 0-0 13. Bh4 Nh5 14. Qc2 h6 15. Bg6 Nf4 16. Nxf4 Rxf4 17. Bg3 Rf6 18. Rac1 Bxg3 19. hxg3 Qb6 20. Ne5 Nxd4 21. Qxc8+ Rf8 22. Bf7+ Kh7 23. Qc7 Ne2+ 24. Kh2 Nxc1 25. Qc2+ 1-0

[Event "Bratto op 19th"]
[Site "Bratto"]
[Date "1999.??.??"]
[Round "8"]
[White "Caruso, Daniele"]
[Black "Brancaleoni, Maurizio"]
[Result "1-0"]
[WhiteElo "2103"]
[BlackElo "2182"]
[PlyCount "119"]
[EventDate "1999.??.??"]
[EventType "swiss"]
[EventRounds "9"]
[EventCountry "ITA"]
[SourceTitle "EXT 2000"]
[Source "ChessBase"]
[SourceDate "1999.11.16"]
[SourceVersion "1"]
[SourceVersionDate "1999.11.16"]
[SourceQuality "1"]

1. e4 c5 2. Nf3 Nc6 3. d4 cxd4 4. Nxd4 Nf6 5. Nc3 d6 6. Bg5 e6 7. Qd2 a6 8. 0-0-0 h6 9. Be3 Be7 10. f3 Nxd4 11. Qxd4 b5 12. g4 Bb7 13. Rg1 Qa5 14. Kb1 b4 15. Ne2 e5 16. Qd3 d5 17. exd5 Bxd5 18. Nc1 Bxf3 19. Be2 Be4 20. Qb3 Qc7 21. Bc4 0-0 22. g5 hxg5 23. Bxg5 Rac8 24. Bd3 Bd5 25. Bxf6 Bxf6 26. Qxd5 Rfd8 27. Qe4 g6 28. Ne2 Bg7 29. Bxa6 Ra8 30. Rxd8+ Rxd8 31. Bc4 Rd6 32. Bb3 Qb6 33. Rf1 Rf6 34. Rd1 Rf2 35. h4 Qf6 36. c3 Rh2 37. Rh1 Rxh1+ 38. Qxh1 Qf2 39. Qe4 Kh7 40. h5 Bh6 41. hxg6+ Kg7 42. Qxe5+ Kxg6 43. Qg3+ Qxg3 44. Nxg3 bxc3 45. bxc3 Bg7 46. Ne2 Be5 47. Kc2 f5 48. Kd3 Kf6 49. Nd4 Bc7 50. Be6 f4 51. Ke4 Ke7 52. Bb3 Kd7 53. Ne2 Ba5 54. Kxf4 Kd6 55. Ke4 Kc5 56. Kd3 Bd8 57. Ng3 Be7 58. Ne4+ Kb5 59. Kd4 Ba3 60. Bd5 1-0

[Event "Pardubice Czech op"]
[Site "Pardubice"]
[Date "1998.??.??"]
[Round "2"]
[White "Krouzel, Jaroslav"]
[Black "Caruso, Daniele"]
[Result "1-0"]
[WhiteElo "2310"]
[BlackElo "2135"]
[PlyCount "74"]
[EventDate "1998.07.??"]
[EventType "swiss"]
[EventRounds "9"]
[EventCountry "CZE"]
[SourceTitle "EXT 2000"]
[Source "ChessBase"]
[SourceDate "1999.11.16"]
[SourceVersion "1"]
[SourceVersionDate "1999.11.16"]
[SourceQuality "1"]

1. d4 Nf6 2. c4 g6 3. Nc3 Bg7 4. e4 d6 5. Be2 0-0 6. Bg5 Nbd7 7. Nf3 c5 8. d5 a6 9. a4 Qc7 10. Qd2 Re8 11. 0-0 e6 12. h3 exd5 13. exd5 h5 14. Bd3 Nf8 15. Qf4 N8h7 16. Bh4 Nd7 17. Qg3 Ndf6 18. Ng5 Nxg5 19. Bxg5 Nh7 20. Bf4 Rd8 21. Rae1 Bf8 22. Re3 Kg7 23. b3 Bd7 24. Ne4 Bf5 25. Nxc5 Qxc5 26. Bxf5 b5 27. Re6 g5 28. Bxg5 fxe6 29. Be3+ Kh8 30. Bxc5 dxc5 31. dxe6 Be7 32. Qg6 Nf6 33. Qh6+ Kg8 34. Bg6 Rf8 35. axb5 axb5 36. cxb5 Rab8 37. g4 hxg4 1-0

[Event "Pardubice Czech op"]
[Site "Pardubice"]
[Date "1998.??.??"]
[Round "5"]
[White "Morejon Rodriguez, Eduardo"]
[Black "Caruso, Daniele"]
[Result "1-0"]
[WhiteElo "2245"]
[BlackElo "2135"]
[PlyCount "61"]
[EventDate "1998.07.??"]
[EventType "swiss"]
[EventRounds "9"]
[EventCountry "CZE"]
[SourceTitle "EXT 2000"]
[Source "ChessBase"]
[SourceDate "1999.11.16"]
[SourceVersion "1"]
[SourceVersionDate "1999.11.16"]
[SourceQuality "1"]

1. d4 Nf6 2. Nc3 d5 3. Bg5 e6 4. f3 Be7 5. e4 0-0 6. e5 Nfd7 7. Bxe7 Qxe7 8. f4 c5 9. Nb5 Nc6 10. c3 f6 11. Nf3 a6 12. Nd6 cxd4 13. cxd4 g5 14. g3 fxe5 15. fxe5 Rxf3 16. Qxf3 Nxd4 17. Qc3 Nxe5 18. Nxc8 Qd8 19. Bg2 Ndc6 20. Na7 Rxa7 21. 0-0 Ra8 22. Rae1 Qd6 23. Qd2 Qe7 24. Qc3 Qg7 25. Re2 Rd8 26. Rfe1 d4 27. Qb3 d3 28. Qxe6+ Qf7 29. Rxe5 Nxe5 30. Qxe5 d2 31. Qxg5+ 1-0

[Event "Bratto op 18th"]
[Site "Bratto"]
[Date "1998.??.??"]
[Round "?"]
[White "Oppici, Gabriele"]
[Black "Caruso, Daniele"]
[Result "0-1"]
[WhiteElo "2095"]
[BlackElo "2140"]
[PlyCount "140"]
[EventDate "1998.??.??"]
[EventType "swiss"]
[EventRounds "9"]
[EventCountry "ITA"]
[SourceTitle "EXT 2000"]
[Source "ChessBase"]
[SourceDate "1999.11.16"]
[SourceVersion "1"]
[SourceVersionDate "1999.11.16"]
[SourceQuality "1"]

1. d4 Nf6 2. Bg5 e6 3. e4 Be7 4. e5 Nd5 5. Bxe7 Qxe7 6. c3 d6 7. Nf3 Nc6 8. c4 Nf4 9. Qd2 Ng6 10. exd6 cxd6 11. Be2 Bd7 12. 0-0 0-0 13. Nc3 Rad8 14. Rfe1 Rfe8 15. Bf1 Nh4 16. Nxh4 Qxh4 17. Re4 Qf6 18. d5 Nb8 19. Re3 e5 20. Ne4 Qh6 21. Ra3 Qxd2 22. Nxd2 a6 23. b4 Bf5 24. Rc3 Bg6 25. Nb3 Kf8 26. Rd1 Rc8 27. c5 Rc7 28. Rdc1 Rec8 29. Nd2 f6 30. Nc4 dxc5 31. Nb6 Rd8 32. bxc5 Bf7 33. d6 Rc6 34. a3 Nd7 35. Na4 Rcc8 36. Rb1 Bd5 37. Be2 Bc6 38. Nb2 a5 39. Bg4 Ra8 40. Be6 a4 41. Bxd7 Rxd7 42. Nc4 Rdd8 43. Rb4 Kf7 44. f3 Ke6 45. Kf2 g5 46. g4 h5 47. Ne3 hxg4 48. fxg4 Rh8 49. Nf1 Rh4 50. Ke1 Rah8 51. Rg3 Rh3 52. Rb2 R8h4 53. Rxh3 Rxh3 54. Ng3 Rh4 55. Rf2 Rxg4 56. Nh5 Rg1+ 57. Kd2 Rg2 58. Ng7+ Kf7 59. Rxg2 Bxg2 60. Nf5 Bc6 61. Ke3 Ke6 62. Ne7 Bd7 63. Kf3 f5 64. Kf2 f4 65. Kf3 Be8 66. Ke4 Bh5 67. Nc8 Bg6+ 68. Kf3 e4+ 69. Kf2 e3+ 70. Ke1 f3 0-1

[Event "Biel MTO op"]
[Site "Biel"]
[Date "1997.??.??"]
[Round "5"]
[White "Caruso, Daniele"]
[Black "Xheladini, Mahmut"]
[Result "1/2-1/2"]
[WhiteElo "2130"]
[BlackElo "2310"]
[PlyCount "123"]
[EventDate "1997.07.21"]
[EventType "swiss"]
[EventRounds "11"]
[EventCountry "SUI"]
[SourceTitle "CBM 060 Extra"]
[Source "ChessBase"]
[SourceDate "1997.11.04"]
[SourceVersion "1"]
[SourceVersionDate "1997.11.04"]
[SourceQuality "1"]

1. e4 c5 2. Nf3 e6 3. d4 cxd4 4. Nxd4 a6 5. Bd3 Bc5 6. Nb3 Ba7 7. Qe2 Nc6 8. Be3 Bxe3 9. Qxe3 Nf6 10. Nc3 Qc7 11. f4 d6 12. 0-0-0 b5 13. Rhe1 b4 14. Ne2 0-0 15. Ned4 Ne7 16. h3 d5 17. e5 Nd7 18. f5 exf5 19. Nxf5 Nxf5 20. Bxf5 Nb6 21. e6 fxe6 22. Bxe6+ Bxe6 23. Qxe6+ Kh8 24. Nd4 Nc4 25. Kb1 Rf2 26. Qe8+ Rf8 27. Qe6 Rac8 28. Qxd5 Rfd8 29. Qe4 Qb6 30. Qe7 h6 31. Nb3 a5 32. Rxd8+ Rxd8 33. Rf1 Rg8 34. Kc1 Qc6 35. Qc5 Qe4 36. Qd4 Qe2 37. Qd3 Qxd3 38. cxd3 Ne3 39. Rf2 a4 40. Na5 Rc8+ 41. Kd2 Nd5 42. Nc4 g6 43. g3 Kg8 44. Ne3 Ne7 45. Rf6 b3 46. axb3 axb3 47. Rb6 Rf8 48. Ke2 Re8 49. Kf3 Rd8 50. Rxb3 Nc6 51. Rc3 Nd4+ 52. Kf2 Rf8+ 53. Kg2 Re8 54. Rc4 Rd8 55. Ng4 Nf5 56. Rc3 Rf8 57. h4 h5 58. Ne5 Ne3+ 59. Kh2 Rf2+ 60. Kh1 Rf1+ 61. Kh2 Rf2+ 62. Kh1 1/2-1/2

[Event "Corsico op"]
[Site "Corsico"]
[Date "1997.??.??"]
[Round "5"]
[White "Faraoni, Enrico"]
[Black "Caruso, Daniele"]
[Result "1-0"]
[WhiteElo "2195"]
[BlackElo "2150"]
[PlyCount "87"]
[EventDate "1997.??.??"]
[EventType "swiss"]
[EventRounds "7"]
[EventCountry "ITA"]
[SourceTitle "EXT 1998"]
[Source "ChessBase"]
[SourceDate "1997.11.17"]
[SourceVersion "1"]
[SourceVersionDate "1997.11.17"]
[SourceQuality "1"]

1. e4 e6 2. b3 d5 3. Bb2 Nf6 4. e5 Nfd7 5. Nc3 a6 6. Qe2 c5 7. f4 b5 8. 0-0-0 Nb6 9. Nf3 b4 10. Nb1 Ra7 11. g4 d4 12. Bg2 Nd5 13. Qf2 Nxf4 14. Bf1 Bb7 15. Rg1 Bxf3 16. Qxf3 Nd5 17. c3 Qa5 18. Bc4 Rd7 19. Rgf1 Nb6 20. cxb4 cxb4 21. d3 Qxe5 22. Nd2 Qe3 23. Qg2 Nxc4 24. dxc4 Be7 25. Rf3 Qg5 26. h4 Qa5 27. g5 Qxa2 28. Ne4 a5 29. Qg3 Nc6 30. Kc2 d3+ 31. Rfxd3 Rxd3 32. Qxd3 Ne5 33. Qg3 a4 34. Qxe5 Qxb3+ 35. Kc1 Qxc4+ 36. Kb1 f6 37. gxf6 gxf6 38. Qh5+ Kf8 39. Qh6+ Kf7 40. Nd6+ Bxd6 41. Qxf6+ Ke8 42. Qxh8+ Bf8 43. Qxh7 Bc5 44. Qg6+ 1-0

[Event "Corsico op2"]
[Site "Corsico"]
[Date "1996.??.??"]
[Round "2"]
[White "Cappello, Guido"]
[Black "Caruso, Daniele"]
[Result "0-1"]
[WhiteElo "2195"]
[BlackElo "2145"]
[PlyCount "84"]
[EventDate "1996.??.??"]
[EventType "swiss"]
[EventRounds "6"]
[EventCountry "ITA"]
[SourceTitle "EXT 1998"]
[Source "ChessBase"]
[SourceDate "1997.11.17"]
[SourceVersion "1"]
[SourceVersionDate "1997.11.17"]
[SourceQuality "1"]

1. Nc3 d5 2. d4 Bf5 3. e4 dxe4 4. f3 exf3 5. Qxf3 Qc8 6. Bc4 e6 7. Nge2 Nf6 8. 0-0 c6 9. Bg5 Nbd7 10. Ng3 Bg6 11. h4 h5 12. Rae1 Bb4 13. Nf5 Bxf5 14. Qxf5 0-0 15. Qd3 Qc7 16. a3 Bd6 17. Ne4 Bh2+ 18. Kh1 Ng4 19. Be7 Nde5 20. dxe5 Qxe7 21. Ng5 g6 22. Rxf7 Qxf7 23. Nxf7 Nf2+ 24. Kxh2 Nxd3 25. Bxd3 Kxf7 26. Re3 Rg8 27. Rf3+ Ke7 28. Rg3 Rg7 29. Be2 Rag8 30. Rb3 Kd8 31. Rd3+ Kc7 32. Rd6 Re8 33. Bc4 g5 34. Bxe6 gxh4 35. Bh3 Rxe5 36. Rd4 Re2 37. Rc4 b5 38. Rc5 Kb6 39. b4 Re3 40. c3 Rgg3 41. Rxh5 Rxc3 42. Rh7 Rg8 0-1

[Event "Corsico op2"]
[Site "Corsico"]
[Date "1996.??.??"]
[Round "1"]
[White "Caruso, Daniele"]
[Black "Barberi, Alessandro"]
[Result "0-1"]
[WhiteElo "2145"]
[BlackElo "2220"]
[PlyCount "64"]
[EventDate "1996.??.??"]
[EventType "swiss"]
[EventRounds "6"]
[EventCountry "ITA"]
[SourceTitle "EXT 1998"]
[Source "ChessBase"]
[SourceDate "1997.11.17"]
[SourceVersion "1"]
[SourceVersionDate "1997.11.17"]
[SourceQuality "1"]

1. e4 c5 2. Nf3 d6 3. Bb5+ Bd7 4. Bxd7+ Qxd7 5. c4 g6 6. d4 cxd4 7. Nxd4 Bg7 8. 0-0 Nc6 9. Be3 Nf6 10. f3 0-0 11. Nc3 Rac8 12. b3 Rfd8 13. Rc1 e6 14. Qd2 d5 15. cxd5 exd5 16. Nxc6 bxc6 17. exd5 Nxd5 18. Nxd5 cxd5 19. Bd4 Qb7 20. Bxg7 Kxg7 21. Qd4+ f6 22. Rfd1 Rxc1 23. Rxc1 Rd7 24. Rc5 Qb6 25. b4 Qe6 26. Kf2 Re7 27. Qd2 d4 28. a4 d3 29. a5 Qd6 30. Kf1 Qxh2 31. Rc1 Re2 32. Rc7+ Kg8 0-1

[Event "Geneve op"]
[Site "Geneve"]
[Date "1996.??.??"]
[Round "6"]
[White "Caruso, Daniele"]
[Black "Schild, Christophe"]
[Result "1/2-1/2"]
[WhiteElo "2145"]
[BlackElo "2135"]
[PlyCount "95"]
[EventDate "1996.01.??"]
[EventType "swiss"]
[EventRounds "9"]
[EventCountry "SUI"]
[SourceTitle "CBM 051 Extra"]
[Source "ChessBase"]
[SourceDate "1996.05.01"]
[SourceVersion "1"]
[SourceVersionDate "1996.05.01"]
[SourceQuality "1"]

1. e4 c6 2. d4 d5 3. exd5 cxd5 4. Bd3 Nc6 5. c3 g6 6. Bf4 Bg7 7. Nf3 Bg4 8. Nbd2 Nf6 9. 0-0 0-0 10. h3 Be6 11. Qe2 a6 12. Ne5 Qc8 13. Bh2 Nxe5 14. Bxe5 Bf5 15. g4 Bxd3 16. Qxd3 Qd7 17. f4 Ne8 18. Bxg7 Kxg7 19. Rae1 Nd6 20. Qe3 e6 21. Re2 Rae8 22. Qe5+ Kg8 23. Qf6 Qd8 24. Qe5 Qd7 25. Rg2 Nc8 26. h4 Qd6 27. Qg5 Qe7 28. Qh6 f6 29. f5 Qg7 30. Qf4 g5 31. hxg5 fxg5 32. Qf3 Qf7 33. Qh3 Nd6 34. Nf3 Ne4 35. Ne5 Qg7 36. Rh2 Rf6 37. fxe6 Rxf1+ 38. Qxf1 Rxe6 39. Qf5 Rf6 40. Qc8+ Qf8 41. Qxf8+ Rxf8 42. Rh6 Nf6 43. Kg2 Kg7 44. Rh3 Ne4 45. Rf3 Nf6 46. Rf5 h6 47. Kf3 Re8 48. Kg2 1/2-1/2

[Event "Geneve op"]
[Site "Geneve"]
[Date "1996.??.??"]
[Round "1"]
[White "Caruso, Daniele"]
[Black "Sulava, Nenad"]
[Result "0-1"]
[WhiteElo "2145"]
[BlackElo "2480"]
[PlyCount "154"]
[EventDate "1996.01.??"]
[EventType "swiss"]
[EventRounds "9"]
[EventCountry "SUI"]
[SourceTitle "CBM 051 Extra"]
[Source "ChessBase"]
[SourceDate "1996.05.01"]
[SourceVersion "1"]
[SourceVersionDate "1996.05.01"]
[SourceQuality "1"]

1. e4 c5 2. Nf3 e6 3. c3 Ne7 4. d4 cxd4 5. cxd4 d5 6. e5 Nbc6 7. Bd3 Nf5 8. Bxf5 exf5 9. Nc3 Be6 10. Ne2 Rc8 11. h4 Be7 12. Kf1 h6 13. Bd2 Qb6 14. Bc3 Kd7 15. Nf4 Kc7 16. h5 Kb8 17. Qd2 Bg5 18. g3 Bxf4 19. Qxf4 Ne7 20. Kg2 g5 21. Qd2 f4 22. Bb4 Nc6 23. Bc5 Qa6 24. Ne1 fxg3 25. fxg3 Bf5 26. Rh2 Be4+ 27. Kg1 Nxe5 28. Qb4 Ng4 29. Rd2 Ka8 30. a4 b6 31. Bd6 Qc4 32. Qa3 a5 33. Nf3 f6 34. Nh2 Nxh2 35. Kxh2 Rhe8 36. b4 Qc3 37. Qxc3 Rxc3 38. bxa5 bxa5 39. Rb2 Rc2+ 40. Rxc2 Bxc2 41. Bc7 Re2+ 42. Kg1 Be4 43. Ra3 f5 44. Bxa5 Rg2+ 45. Kf1 Rh2 46. Bc7 Rxh5 47. Rb3 Rh1+ 48. Kf2 Rh2+ 49. Kg1 Rg2+ 50. Kf1 Rc2 51. Be5 Ka7 52. a5 h5 53. Bf6 Bg2+ 54. Kg1 f4 55. Bxg5 f3 56. Bf4 Ka6 57. Ra3 Rb2 58. Be5 Rb1+ 59. Kf2 Rb2+ 60. Kg1 Rd2 61. Bg7 Rd1+ 62. Kf2 Rf1+ 63. Ke3 Bh3 64. Ra2 Bg4 65. Be5 Re1+ 66. Kf2 Rh1 67. Ke3 Rh3 68. Bf4 h4 69. gxh4 f2+ 70. Kxf2 Rf3+ 71. Ke1 Rxf4 72. Rd2 Bh5 73. Rd3 Rxh4 74. Kd2 Kxa5 75. Kc3 Bg4 76. Rd2 Rh3+ 77. Kb2 Kb4 0-1